[Event "World Blitz Women 2022"]
[Site "Almaty KAZ"]
[Date "2022.12.29"]
[Round "2.35"]
[White "Khamdamova, Afruza"]
[Black "Savitha, Shri B"]
[Result "0-1"]
[WhiteTitle "WFM"]
[BlackTitle "WIM"]
[WhiteElo "2139"]
[BlackElo "2411"]
[WhiteFideId "14210444"]
[BlackFideId "35061887"]
[EventDate "2022.12.29"]

1. e4 c5 2. Nf3 e6 3. d4 cxd4 4. Nxd4 a6 5. Nc3 b5 6. a3 Bb7 7. Be3 Qc7 8. f4 b4
9. axb4 Bxb4 10. Qd3 Nf6 11. e5 Ne4 12. Bd2 Nxd2 13. Qxd2 O-O 14. Bd3 d6 15. O-O
Bc5 16. Ne2 dxe5 17. fxe5 Nc6 18. c3 Nxe5 19. Kh1 Rad8 20. Bc2 Ng4 21. Ng3 e5
22. Qg5 exd4 23. Qxg4 Bc8 24. Qe4 g6 25. Rad1 Bb7 26. Qh4 Be7 27. Qh6 dxc3 28.
bxc3 Qxc3 29. Rxd8 Bxd8 30. Be4 Bxe4 31. Nxe4 Qd3 32. Ng3 a5 33. Rf3 Qd1+ 34.
Rf1 Qd6 35. Qe3 a4 36. Ne4 Qe6 37. Qf3 Be7 38. Nc3 a3 39. Nd5 a2 40. Nxe7+ Qxe7
41. Ra1 Qb4 42. h3 Qb1+ 43. Qd1 Qxd1+ 44. Rxd1 Rb8 0-1

[Event "World Blitz Women 2022"]
[Site "Almaty KAZ"]
[Date "2022.12.29"]
[Round "2.36"]
[White "Machlik, Monika"]
[Black "Bivol, Alina"]
[Result "0-1"]
[BlackTitle "IM"]
[WhiteElo "2114"]
[BlackElo "2364"]
[WhiteFideId "1513621"]
[BlackFideId "4100123"]
[EventDate "2022.12.29"]

1. d4 d5 2. c4 e6 3. Nc3 Nf6 4. cxd5 Nxd5 5. e4 Nxc3 6. bxc3 c5 7. Nf3 cxd4 8.
cxd4 Bb4+ 9. Bd2 Bxd2+ 10. Qxd2 O-O 11. Bc4 Qe7 12. O-O Rd8 13. Qe3 Nd7 14. Rad1
Nf6 15. Bd3 Bd7 16. h3 Rac8 17. Ne5 Ba4 18. Rc1 h6 19. Bb1 Qb4 20. Nf3 Rxc1 21.
Rxc1 Bc6 22. Qe2 Qb5 23. Qe3 Qh5 24. Qf4 Qb5 25. Qc7 Rf8 26. Qf4 Qb2 27. Rd1 Ba4
28. Re1 Qc3 29. Qe3 Qxe3 30. Rxe3 Rc8 31. Bd3 Nd7 32. a3 Rc3 33. Be2 Rxe3 34.
fxe3 Kf8 35. Bc4 a5 36. Kf2 Ke7 37. Ke2 b5 38. Ba2 Bc2 39. Nd2 Nb6 40. Bb3 Bxb3
41. Nxb3 Nc4 42. Kd3 a4 43. Nc5 Nxa3 44. Kc3 Kd6 45. Kb4 Nc2+ 46. Kxb5 a3 47.
Nb3 a2 48. e5+ Kd5 49. e4+ Kxe4 50. Nd2+ Kxd4 51. Kc6 Kxe5 52. Nb3 a1=Q 0-1

[Event "World Blitz Women 2022"]
[Site "Almaty KAZ"]
[Date "2022.12.29"]
[Round "2.37"]
[White "Druzhinina, Olga"]
[Black "Gaponenko, Inna"]
[Result "0-1"]
[BlackTitle "IM"]
[WhiteElo "2245"]
[BlackElo "2341"]
[WhiteFideId "4141911"]
[BlackFideId "14101181"]
[EventDate "2022.12.29"]

1. e4 g6 2. d4 Bg7 3. Nc3 d6 4. Be3 a6 5. f3 b5 6. Qd2 Nd7 7. O-O-O Nb6 8. g4 h5
9. g5 e6 10. f4 Bb7 11. Bg2 Nc4 12. Qe2 Nxe3 13. Qxe3 Ne7 14. Nge2 Qd7 15. Rhg1
b4 16. Nb1 Qa4 17. Qb3 Qxb3 18. axb3 a5 19. d5 exd5 20. exd5 O-O 21. c4 a4 22.
bxa4 Rxa4 23. Nd4 b3 24. Bf1 Ba6 25. Nc3 Ra1+ 26. Nb1 Ra4 27. Nc3 Rb4 28. Kb1
Bxc4 29. Bxc4 Rxc4 30. Nxb3 Rb8 31. Kc2 Rcb4 32. Nd2 Rxb2+ 33. Kd3 Bxc3 34. Kxc3
Nxd5+ 35. Kd4 Nxf4 36. Ke3 Nd5+ 37. Kd4 c6 38. Nc4 R8b4 39. Rc1 Nb6 40. Kd3
R2b3+ 41. Kd4 d5 42. Ra1 0-1

[Event "World Blitz Women 2022"]
[Site "Almaty KAZ"]
[Date "2022.12.29"]
[Round "2.38"]
[White "Nasybullina, Alfia"]
[Black "Balajayeva, Khanim"]
[Result "0-1"]
[WhiteTitle "WIM"]
[BlackTitle "WGM"]
[WhiteElo "2027"]
[BlackElo "2379"]
[WhiteFideId "4132416"]
[BlackFideId "13406396"]
[EventDate "2022.12.29"]

1. Nf3 d5 2. g3 Nf6 3. Bg2 c6 4. O-O Bf5 5. d3 h6 6. Nbd2 e6 7. c4 Be7 8. Qb3
Qb6 9. cxd5 exd5 10. Qxb6 axb6 11. Nd4 Bh7 12. e4 dxe4 13. dxe4 Nbd7 14. Re1 O-O
15. N2b3 Ne5 16. Nf5 Bb4 17. Bd2 Bxd2 18. Nxd2 Nd3 19. Re3 Rfd8 20. Nc4 Bxf5 21.
exf5 b5 22. Nb6 Rab8 23. b3 Kf8 24. Rd1 Nb4 25. Rxd8+ Rxd8 26. a4 bxa4 27. Nxa4
Rd1+ 28. Bf1 Nfd5 29. Re4 Rb1 30. Nc5 b6 31. Nd7+ Kg8 32. Kg2 Rxb3 33. Bc4 Rc3
34. Ne5 Rc2 35. Bb3 Rc3 36. Nxc6 Rxb3 37. Re8+ Kh7 38. Nxb4 Rxb4 39. f6 Nxf6 40.
Rb8 b5 0-1

[Event "World Blitz Women 2022"]
[Site "Almaty KAZ"]
[Date "2022.12.29"]
[Round "2.39"]
[White "Balakanova, Bakhyt"]
[Black "Eric, Jovana"]
[Result "0-1"]
[WhiteTitle "WFM"]
[BlackTitle "WGM"]
[WhiteElo "2005"]
[BlackElo "2236"]
[WhiteFideId "13705881"]
[BlackFideId "938238"]
[EventDate "2022.12.29"]

1. e4 c5 2. Nc3 d6 3. g3 Nc6 4. Bg2 g6 5. Nge2 Bg7 6. h3 e6 7. d3 Nge7 8. Be3
O-O 9. O-O Rb8 10. f4 b5 11. Qd2 b4 12. Nd1 a5 13. Rb1 Bb7 14. g4 f5 15. Ng3 Kh8
16. g5 a4 17. h4 a3 18. bxa3 bxa3 19. h5 Kg8 20. e5 dxe5 21. Bxc5 exf4 22. Qxf4
Re8 23. Bxe7 Bd4+ 24. Kh1 Rxe7 25. Bxc6 e5 26. Qc1 Bxc6+ 27. Kh2 Rxb1 28. Qxb1
Qd5 29. Qb8+ Re8 30. Qb3 Qxb3 31. cxb3 Bb5 32. Rf3 Rc8 33. hxg6 hxg6 34. Ne3
Bxd3 35. Nd5 Rc2+ 36. Kh3 e4 37. Rf4 Rxa2 38. Ne7+ Kf7 39. Nexf5 gxf5 40. Nxf5
Be5 41. Nh6+ Kg6 42. Rg4 Rh2# 0-1

[Event "World Blitz Women 2022"]
[Site "Almaty KAZ"]
[Date "2022.12.29"]
[Round "2.40"]
[White "Garifullina, Leya"]
[Black "Mikheeva, Galina"]
[Result "1-0"]
[WhiteTitle "IM"]
[BlackTitle "WFM"]
[WhiteElo "2357"]
[BlackElo "1969"]
[WhiteFideId "34127035"]
[BlackFideId "44108320"]
[EventDate "2022.12.29"]

1. e4 e5 2. Nf3 Nc6 3. Bb5 Nf6 4. O-O Nxe4 5. Re1 Nd6 6. Nxe5 Nxe5 7. Rxe5+ Be7
8. Bf1 O-O 9. Nc3 Bf6 10. Re1 Nf5 11. Nd5 Bg5 12. Bd3 d6 13. Qf3 Nh4 14. Qe2 c6
15. Ne3 Ng6 16. Qh5 Re8 17. Bf1 d5 18. d4 h6 19. c3 Nf4 20. Qf3 Ng6 21. g3 Be7
22. Bd3 Bd6 23. Bd2 Rf8 24. Nf5 Bc7 25. Re2 Bxf5 26. Bxf5 Qf6 27. Rae1 Bd6 28.
Qg4 Ne7 29. Bd3 Kh8 30. Re3 Ng6 31. Rf3 Qd8 32. Bxg6 fxg6 33. Rxf8+ Qxf8 34.
Qxg6 Bc7 35. Kg2 Rd8 36. Re3 Rd6 37. Qh5 Rd8 38. Rf3 Qd6 39. Rf7 Rf8 40. Rxf8+
Qxf8 41. Qf3 Qe7 42. Qe3 Qf7 43. f3 Kg8 44. Be1 Bd6 45. Bd2 Kf8 46. g4 Qe7 47.
Qxe7+ Kxe7 48. h4 Kf6 49. h5 Bf8 50. Bf4 g6 51. Be5+ Kf7 52. hxg6+ Kxg6 53. Kg3
h5 54. f4 hxg4 55. Kxg4 Be7 56. f5+ Kf7 57. Kf4 Bh4 58. b3 Be1 59. c4 dxc4 60.
bxc4 a5 61. Bc7 a4 62. Bb6 Bf2 63. Ke5 Bg3+ 64. Ke4 Kf6 65. d5 cxd5+ 66. cxd5
Bd6 67. Bd8+ Kf7 68. Bg5 b5 69. Kd4 Bf8 70. Bf4 b4 71. Be5 Be7 72. Kc4 Ke8 73.
f6 Bf8 74. d6 Kd7 75. Kxb4 Ke6 76. Kxa4 Bh6 77. Kb5 Bd2 78. Kc6 Kxe5 79. f7 1-0

[Event "World Blitz Women 2022"]
[Site "Almaty KAZ"]
[Date "2022.12.29"]
[Round "2.41"]
[White "Lhotska, Anna"]
[Black "Nurgaliyeva, Zarina"]
[Result "1-0"]
[WhiteTitle "WFM"]
[BlackTitle "WFM"]
[WhiteElo "2159"]
[BlackElo "2013"]
[WhiteFideId "376183"]
[BlackFideId "13730096"]
[EventDate "2022.12.29"]

1. e4 e5 2. Nf3 Nc6 3. Bb5 a6 4. Ba4 Nf6 5. O-O Be7 6. Re1 b5 7. Bb3 d6 8. c3
O-O 9. h3 Nb8 10. a4 Bb7 11. axb5 Bxe4 12. d4 exd4 13. Nxd4 axb5 14. Rxa8 Bxa8
15. Nxb5 Nbd7 16. Nd2 Ne5 17. Nc4 Nxc4 18. Bxc4 d5 19. Bd3 c5 20. Bf4 Qd7 21.
Qe2 Bd8 22. Nd6 Bc7 23. Bf5 Qd8 24. Qe7 Qxe7 25. Rxe7 Bb8 26. Be5 Bc6 27. Bxf6
Bxd6 28. Ra7 gxf6 29. Ra6 Rb8 30. Rxc6 Be7 31. Rc7 Kf8 32. Rd7 Rxb2 33. Rxd5 Rb3
34. c4 Rc3 35. Bd3 h6 36. Kf1 Rc1+ 37. Ke2 Kg7 38. Kf3 f5 39. Rxf5 Rc3 40. Ke2
Ra3 41. Re5 Bf6 42. Rxc5 Ra2+ 43. Ke3 Rxf2 44. Kxf2 Bd4+ 45. Kf3 Bxc5 46. Ke4
Kf6 47. Kd5 Bf8 48. c5 Ke7 49. Kc6 Kd8 50. Kb6 f6 51. c6 Bd6 52. Bf5 Be5 53. Kb7
Bd6 54. Kb6 Be5 55. Kc5 Kc7 56. Kd5 Bc3 57. Bd7 Be5 58. Ke6 Bc3 59. Kf5 Be5 60.
Kg6 Kd6 61. Kxh6 Ke7 62. Kg6 Kf8 63. h4 Kg8 64. h5 Kh8 65. g4 Kg8 66. h6 Kh8 67.
Bf5 Kg8 68. h7+ Kh8 69. Kf7 Bc7 70. Ke7 Be5 71. Kd7 Bf4 72. c7 Bxc7 73. Kxc7 Kg7
74. Kd7 Kh8 75. Ke7 Kg7 76. Ke6 Kh8 77. Bg6 Kg7 78. Ke7 Kh8 79. Ke6 Kg7 80. Kf5
Kh8 81. Ke4 Kg7 82. Kf4 Kh8 83. Be8 Kg7 1-0

[Event "World Blitz Women 2022"]
[Site "Almaty KAZ"]
[Date "2022.12.29"]
[Round "2.42"]
[White "Kim, Kristina"]
[Black "Ovod, Evgenija"]
[Result "1-0"]
[WhiteTitle "WCM"]
[BlackTitle "IM"]
[WhiteElo "1930"]
[BlackElo "2323"]
[WhiteFideId "13712438"]
[BlackFideId "4131827"]
[EventDate "2022.12.29"]

1. e4 e5 2. Nc3 Nf6 3. Nf3 Nc6 4. Bb5 Bb4 5. d3 d6 6. h3 O-O 7. Bg5 Bd7 8. O-O
Bxc3 9. bxc3 Ne7 10. Bxf6 Bxb5 11. Bxe7 Qxe7 12. c4 Bc6 13. Nd2 f5 14. f3 f4 15.
c3 g5 16. d4 Rf6 17. Nb3 a5 18. a4 h5 19. c5 1-0

[Event "World Blitz Women 2022"]
[Site "Almaty KAZ"]
[Date "2022.12.29"]
[Round "2.43"]
[White "Martins de Aguiar, Marina"]
[Black "Lu, Miaoyi"]
[Result "0-1"]
[WhiteElo "1877"]
[BlackElo "2399"]
[WhiteFideId "2143321"]
[BlackFideId "8618020"]
[EventDate "2022.12.29"]

1. e4 c5 2. Nf3 Nc6 3. d4 cxd4 4. Nxd4 Nf6 5. Nc3 d6 6. f3 e5 7. Nb3 Be7 8. Be3
O-O 9. Qd2 a5 10. Bb5 Na7 11. Bc4 Bd7 12. a4 Nc8 13. O-O Nb6 14. Bb5 Be6 15. Qf2
Nc4 16. Bxc4 Bxc4 17. Rfd1 Qc8 18. Bb6 Nd7 19. Be3 Ra6 20. Nd5 Bxd5 21. Rxd5 Rc6
22. c3 b6 23. Rad1 Qc7 24. Rb5 Rb8 25. Rbd5 Rc4 26. Ra1 Qc6 27. Qg3 Rxa4 28.
Rad1 Kh8 29. Qh3 Nf6 30. R5d2 Qc4 31. Nc1 Ra1 32. Nd3 Rxd1+ 33. Rxd1 b5 34. Nf2
Qe2 35. Ba7 Ra8 36. Bb6 Qxb2 37. Rf1 a4 38. Nd3 Qxc3 39. f4 a3 40. fxe5 dxe5 41.
Rd1 a2 0-1

[Event "World Blitz Women 2022"]
[Site "Almaty KAZ"]
[Date "2022.12.29"]
[Round "2.44"]
[White "Schulze, Lara"]
[Black "Samaganova, Aleksandra"]
[Result "1-0"]
[WhiteTitle "FM"]
[BlackTitle "WFM"]
[WhiteElo "2284"]
[BlackElo "1884"]
[WhiteFideId "12956830"]
[BlackFideId "13800221"]
[EventDate "2022.12.29"]

1. e4 c5 2. Nf3 e6 3. b3 Nf6 4. e5 Nd5 5. Nc3 d6 6. Bb2 dxe5 7. Nxe5 a6 8. Be2
Bd6 9. Nxd5 exd5 10. d4 O-O 11. O-O Nc6 12. Nf3 Bf5 13. dxc5 Bxc5 14. Nd4 Bg6
15. Bd3 Rc8 16. Nxc6 Rxc6 17. Bxg6 hxg6 18. Qd3 Qg5 19. Rad1 Rd8 20. Qg3 Qf5 21.
Qd3 Qg5 22. a4 Ba7 23. Rd2 Qg4 24. Rfd1 Qf4 25. Qg3 Qf5 26. c4 Rcd6 27. h4 R6d7
28. Qd3 Qg4 29. cxd5 Qxh4 30. d6 Qg5 31. Qc3 f6 32. Qc4+ Kf8 33. Qd5 Qxd5 34.
Rxd5 Bb8 35. Ba3 Kf7 36. Kf1 Ke6 37. R5d3 Kf7 38. f3 Ba7 39. Ke2 b5 40. axb5
axb5 41. Rd5 Bb8 42. Rxb5 Bxd6 43. Rbd5 Ke6 44. Bxd6 Rxd6 45. Rxd6+ Rxd6 46.
Rxd6+ Kxd6 47. Kd3 Kc5 48. Ke4 Kb4 49. Kd5 Kxb3 50. Ke6 g5 51. Kf7 f5 52. Kg6 g4
53. f4 Kc4 54. Kxf5 g3 55. Kg4 Kd4 56. Kxg3 Ke4 57. Kg4 g6 58. Kg5 Ke3 59. g4
Ke4 60. f5 gxf5 61. gxf5 Ke5 62. f6 Ke6 63. Kg6 Kd7 64. f7 Ke7 65. Kg7 1-0

[Event "World Blitz Women 2022"]
[Site "Almaty KAZ"]
[Date "2022.12.29"]
[Round "2.45"]
[White "Balakanova, Gulnar"]
[Black "Balabayeva, Xeniya"]
[Result "0-1"]
[WhiteTitle "WFM"]
[BlackTitle "WIM"]
[WhiteElo "1743"]
[BlackElo "2183"]
[WhiteFideId "13705890"]
[BlackFideId "13719688"]
[EventDate "2022.12.29"]

1. e4 c6 2. Nc3 d5 3. exd5 cxd5 4. d4 Nc6 5. Nf3 Nf6 6. Be2 Bf5 7. a3 e6 8. O-O
Bd6 9. h3 h6 10. Be3 O-O 11. Bd3 Bxd3 12. Qxd3 Rc8 13. Nd2 Ne7 14. Nb3 Nf5 15.
g4 Nxe3 16. fxe3 Nh7 17. e4 dxe4 18. Nxe4 Bb8 19. c3 b6 20. Nbd2 Qc7 21. Qe2 f5
22. gxf5 exf5 23. Qg2 fxe4 24. Nxe4 Rce8 25. Rxf8+ Rxf8 26. Re1 Qf4 27. Nf2 Ng5 0-1

[Event "World Blitz Women 2022"]
[Site "Almaty KAZ"]
[Date "2022.12.29"]
[Round "2.46"]
[White "Munkhzul, Turmunkh"]
[Black "Kaldarova, Ayaulym"]
[Result "1-0"]
[WhiteTitle "WIM"]
[WhiteElo "2318"]
[BlackElo "1832"]
[WhiteFideId "4901878"]
[BlackFideId "13720503"]
[EventDate "2022.12.29"]

1. e4 d6 2. d4 Nf6 3. Nc3 e5 4. Nf3 exd4 5. Nxd4 Be7 6. Bc4 O-O 7. O-O c6 8. a4
d5 9. exd5 cxd5 10. Bd3 Nc6 11. Nf5 Bb4 12. Ne2 Ne5 13. c3 Nxd3 14. Qxd3 Bc5 15.
Bg5 h6 16. Bh4 Be6 17. Ned4 Bxd4 18. Nxd4 Re8 19. Rfe1 Rc8 20. h3 g5 21. Bg3 Ne4
22. Bh2 Qf6 23. f3 Nc5 24. Qd2 Bf5 25. Rxe8+ Rxe8 26. Re1 Rxe1+ 27. Qxe1 Nd3 28.
Qe8+ Kg7 29. Bd6 Bh7 30. Bf8+ Kg6 31. Qe2 Qa6 32. b4 Nf4 33. Qxa6+ bxa6 34. Bc5
Kf6 35. Bxa7 Bd3 36. Kf2 Bc4 37. b5 axb5 38. axb5 Ke7 39. b6 Ba6 40. Nf5+ Kf6
41. Nxh6 Ke5 1-0

[Event "World Blitz Women 2022"]
[Site "Almaty KAZ"]
[Date "2022.12.29"]
[Round "2.47"]
[White "Foudzi, Siti Zulaikha"]
[Black "Chen, Jocelyn"]
[Result "1-0"]
[WhiteTitle "WIM"]
[BlackTitle "WCM"]
[WhiteElo "2136"]
[BlackElo "1854"]
[WhiteFideId "5700965"]
[BlackFideId "30947154"]
[EventDate "2022.12.29"]

1. e4 c5 2. Nf3 d6 3. d4 cxd4 4. Nxd4 Nf6 5. Nc3 a6 6. a4 e5 7. Nf5 Bxf5 8. exf5
Nbd7 9. Bc4 Nb6 10. Bb3 Be7 11. a5 Nbd7 12. Nd5 Nxd5 13. Qxd5 O-O 14. Be3 Qc7
15. O-O Nf6 16. Qd3 Rfd8 17. Bb6 Qc6 18. Bxd8 Rxd8 19. Qc4 Qxc4 20. Bxc4 d5 21.
Bb3 Ne4 22. Rad1 d4 23. f3 Nc5 24. Bc4 Rc8 25. b3 Bd8 26. f4 Bxa5 27. fxe5 b5
28. Bd3 Re8 29. e6 fxe6 30. fxe6 Nxe6 31. Ra1 Bc3 32. Rxa6 Nc5 33. Rc6 Nxd3 34.
cxd3 h6 35. Rc7 Rf8 36. Rxf8+ Kxf8 37. Kf2 b4 38. Kf3 Kg8 39. Ke4 g6 40. Ke5 g5
41. Kf6 Bd2 42. g4 Bf4 43. Rc8+ Kh7 44. h3 Bg3 45. Rc4 Be1 46. Kf5 Bc3 47. Rc7+
Kg8 48. Kg6 Kf8 49. Kxh6 Ke8 50. Kxg5 Bd2+ 51. Kf5 Bc3 52. h4 Kf8 53. h5 Kg8 54.
Kg6 Kf8 55. h6 Ke8 56. h7 Kd8 57. Ra7 Kc8 58. h8=Q# 1-0

[Event "World Blitz Women 2022"]
[Site "Almaty KAZ"]
[Date "2022.12.29"]
[Round "2.48"]
[White "Madi, Aidana"]
[Black "Tereladze, Sopio"]
[Result "0-1"]
[BlackTitle "WIM"]
[WhiteElo "1583"]
[BlackElo "2215"]
[WhiteFideId "13722689"]
[BlackFideId "13600486"]
[EventDate "2022.12.29"]

1. e4 e5 2. Nf3 Nc6 3. Bc4 Nf6 4. d3 Be7 5. c3 d6 6. Nbd2 O-O 7. O-O Be6 8. Bb3
Re8 9. Re1 Bf8 10. Nf1 g6 11. Ne3 Bg7 12. Bc2 d5 13. exd5 Nxd5 14. Nc4 Bf5 15.
Bg5 Qd7 16. Qd2 a6 17. a4 Bg4 18. Nh4 f6 19. Bh6 Rad8 20. Bxg7 Qxg7 21. h3 Be6
22. Nf3 Nde7 23. Rad1 Bxc4 24. Qe3 Bf7 25. Qc5 Rd5 26. Qa3 Red8 27. d4 Nf5 28.
Bb3 R5d7 29. d5 Na5 30. Ba2 Bxd5 31. Bxd5+ Rxd5 32. Rxd5 Rxd5 33. Qa2 Qf7 34. b4
Nc6 35. Qe2 Qd7 36. b5 axb5 37. axb5 Nce7 38. c4 Rd3 39. Qa2 Kg7 40. Qc2 c6 41.
bxc6 Nxc6 42. Rb1 Rd6 43. c5 Rd5 44. Qa4 Nfd4 45. Qa8 Nxf3+ 46. gxf3 Rd1+ 47.
Rxd1 Qxd1+ 48. Kg2 Qd7 49. Qa2 Nd4 50. Qd2 0-1

[Event "World Blitz Women 2022"]
[Site "Almaty KAZ"]
[Date "2022.12.29"]
[Round "2.49"]
[White "Nurmanova, Alua"]
[Black "Kaliakhmet, Elnaz"]
[Result "1-0"]
[WhiteTitle "WIM"]
[BlackTitle "WFM"]
[WhiteElo "2191"]
[BlackElo "1786"]
[WhiteFideId "13729390"]
[BlackFideId "13730169"]
[EventDate "2022.12.29"]

1. e4 c5 2. Nf3 e6 3. d4 cxd4 4. Nxd4 a6 5. c4 Nf6 6. Nc3 Bb4 7. Qd3 d5 8. exd5
exd5 9. Be2 O-O 10. O-O Nc6 11. Nxc6 bxc6 12. Bg5 a5 13. Na4 Ba6 14. Qc2 Re8 15.
Rfd1 h6 16. Bh4 g5 17. Bg3 Qe7 18. Bf1 Rad8 19. a3 Bd6 20. Bxd6 Qxd6 21. c5 Qf4
22. Bxa6 Ng4 23. g3 Qf3 24. Bf1 Re4 25. Nc3 Re6 26. Bg2 Qf6 27. Re1 Rde8 28.
Rxe6 Rxe6 29. h3 Ne5 30. b4 axb4 31. axb4 Nc4 32. Ra8+ Kg7 33. b5 Qd4 34. bxc6 1-0

[Event "World Blitz Women 2022"]
[Site "Almaty KAZ"]
[Date "2022.12.29"]
[Round "3.1"]
[White "Goryachkina, Aleksandra"]
[Black "Danielian, Elina"]
[Result "0-1"]
[WhiteTitle "GM"]
[BlackTitle "GM"]
[WhiteElo "2584"]
[BlackElo "2431"]
[WhiteFideId "4147103"]
[BlackFideId "13300210"]
[EventDate "2022.12.29"]

1. Nf3 d5 2. g3 Bg4 3. Bg2 Nd7 4. d4 e6 5. O-O c6 6. h3 Bf5 7. Nbd2 h6 8. c4
Ngf6 9. b3 Be7 10. Bb2 O-O 11. Ne5 a5 12. a4 Bh7 13. Rc1 Nxe5 14. dxe5 Nd7 15.
cxd5 cxd5 16. e4 Nc5 17. exd5 exd5 18. Bd4 Rc8 19. h4 Bf5 20. Qf3 Be6 21. Qe3
Na6 22. f4 Rxc1 23. Rxc1 Qd7 24. Bf1 Bg4 25. Bb5 Qe6 26. Nf1 Nb4 27. Nh2 Bf5 28.
Rc7 Qg6 29. Nf1 Be4 30. Rxe7 Kh7 31. Rc7 Rd8 32. Nd2 Bf5 33. Qf2 Nc2 34. Nf3 Be4
35. Be2 Nb4 36. Rxb7 Nc6 37. Rb6 Rc8 38. Be3 Qf5 39. Bf1 Nb4 40. Nd4 Qd7 41. f5
Rc3 42. e6 fxe6 43. fxe6 Qd8 44. Nb5 Rc2 45. Qf4 Nd3 46. Bxd3 Bxd3 47. Bd2 Qxb6+
48. Nd4 Be4 49. Be3 Rg2+ 50. Kf1 Qa6+ 51. Nb5 Qxe6 52. Nd4 Qa6+ 53. Nb5 Qc6 54.
Ke1 Qc2 55. Bd2 Qd3 56. Qe3 Qb1+ 57. Bc1 Rc2 58. Kd1 Rh2 0-1

[Event "World Blitz Women 2022"]
[Site "Almaty KAZ"]
[Date "2022.12.29"]
[Round "3.2"]
[White "Stefanova, Antoaneta"]
[Black "Fataliyeva, Ulviyya"]
[Result "1-0"]
[WhiteTitle "GM"]
[BlackTitle "IM"]
[WhiteElo "2442"]
[BlackElo "2428"]
[WhiteFideId "2902257"]
[BlackFideId "13403052"]
[EventDate "2022.12.29"]

1. d4 e6 2. Nf3 Nf6 3. e3 d5 4. Bd3 c5 5. b3 Nbd7 6. Bb2 Bd6 7. O-O O-O 8. c4
dxc4 9. Bxc4 a6 10. a4 Rb8 11. Nc3 cxd4 12. Nxd4 Ne5 13. Be2 Bd7 14. f4 Nc6 15.
Nc2 Bc5 16. Kh1 Qb6 17. Rb1 Bxe3 18. Nxe3 Qxe3 19. Rf3 Qb6 20. Rg3 g6 21. Bd3
Rfd8 22. Ne4 Nxe4 23. Bxe4 Qb4 24. Qe2 Nd4 25. Qf2 Bc6 26. Bxc6 bxc6 27. Bc3 Qb6
28. Rd3 c5 29. h4 Qc6 30. h5 Qe4 31. Rdd1 Nf5 32. b4 cxb4 33. Be5 Rbc8 34. Qb6
Rxd1+ 35. Rxd1 Qe2 36. Rd8+ 1-0

[Event "World Blitz Women 2022"]
[Site "Almaty KAZ"]
[Date "2022.12.29"]
[Round "3.3"]
[White "Injac, Teodora"]
[Black "Dzagnidze, Nana"]
[Result "0-1"]
[WhiteTitle "WGM"]
[BlackTitle "GM"]
[WhiteElo "2365"]
[BlackElo "2517"]
[WhiteFideId "932400"]
[BlackFideId "13601903"]
[EventDate "2022.12.29"]

1. Nf3 Nf6 2. c4 g6 3. d4 Bg7 4. g3 O-O 5. Bg2 d6 6. O-O c5 7. Nc3 Nc6 8. dxc5
dxc5 9. Bf4 Nh5 10. Be3 Qa5 11. Qc1 Nd4 12. Kh1 Be6 13. Nd2 Nf6 14. Nb3 Qb4 15.
Nd5 Bxd5 16. cxd5 Rac8 17. Qd2 Qxd2 18. Bxd2 Rfd8 19. e4 e6 20. Nxd4 cxd4 21.
Rac1 Ng4 22. dxe6 fxe6 23. Kg1 Ne5 24. Bg5 Re8 25. Rxc8 Rxc8 26. Rc1 Rxc1+ 27.
Bxc1 Nd3 28. Bd2 Nxb2 29. e5 Nc4 30. Bb4 b6 31. f4 Bf8 32. Be1 d3 33. Bf3 Bc5+
34. Kg2 d2 35. Bf2 Nb2 0-1

[Event "World Blitz Women 2022"]
[Site "Almaty KAZ"]
[Date "2022.12.29"]
[Round "3.4"]
[White "Girya, Olga"]
[Black "Harika, Dronavalli"]
[Result "0-1"]
[WhiteTitle "GM"]
[BlackTitle "GM"]
[WhiteElo "2398"]
[BlackElo "2507"]
[WhiteFideId "4195752"]
[BlackFideId "5015197"]
[EventDate "2022.12.29"]

1. d4 g6 2. e4 Bg7 3. Nf3 d6 4. Bd3 Nf6 5. O-O O-O 6. c3 Nc6 7. Re1 e5 8. h3 Nh5
9. Bf1 h6 10. Na3 Re8 11. Nc2 Nf4 12. dxe5 dxe5 13. Qxd8 Rxd8 14. Bxf4 exf4 15.
Rad1 Be6 16. a3 Bb3 17. Rc1 Bxc2 18. Rxc2 a5 19. a4 g5 20. Rcc1 Ne5 21. Nd4 c6
22. Nf5 Bf8 23. Red1 Nd7 24. Bc4 Nc5 25. e5 Nxa4 26. b3 Nb6 27. Rxd8 Rxd8 28. e6
Nxc4 29. e7 Bxe7 30. Nxe7+ Kf8 31. Nxc6 bxc6 32. bxc4 a4 33. Ra1 Ra8 34. Ra3 Ke7
35. Kf1 Kd6 36. Ke2 Kc5 37. Kd3 f5 38. f3 Ra7 39. Kd2 Kxc4 40. Kc2 c5 41. Kd2 h5
42. Kc2 g4 43. Kd2 g3 44. Kc2 h4 45. Kd2 Kb5 46. Kd3 Rd7+ 47. Kc2 Re7 48. Kd3
Re1 49. Ra2 Rd1+ 50. Ke2 Rb1 51. Kd3 Rd1+ 52. Ke2 Rd8 53. Ke1 Rd3 54. Ra3 Re3+
55. Kd2 c4 56. Ra1 Ka5 57. Ra3 Rd3+ 58. Kc2 Rd8 59. Ra1 Re8 60. Kd2 Rb8 61. Kc2
Rb3 62. Re1 a3 63. Re8 Rb2+ 64. Kc1 Rxg2 65. Ra8+ Kb5 66. Rxa3 Rf2 67. Ra8 g2 0-1

[Event "World Blitz Women 2022"]
[Site "Almaty KAZ"]
[Date "2022.12.29"]
[Round "3.5"]
[White "Arabidze, Meri"]
[Black "Atalik, Ekaterina"]
[Result "1/2-1/2"]
[WhiteTitle "IM"]
[BlackTitle "IM"]
[WhiteElo "2427"]
[BlackElo "2403"]
[WhiteFideId "13604040"]
[BlackFideId "4130189"]
[EventDate "2022.12.29"]

1. d4 d5 2. c4 e6 3. Nc3 Nf6 4. cxd5 exd5 5. Bg5 c6 6. e3 Be7 7. Bd3 O-O 8. Qc2
h6 9. Bh4 Ne8 10. Bg3 Bd6 11. Nf3 Bxg3 12. hxg3 Nf6 13. O-O Re8 14. b4 Nbd7 15.
b5 c5 16. dxc5 Nxc5 17. Rfd1 Nxd3 18. Qxd3 Be6 19. Ne2 Rc8 20. Nf4 Qb6 21. a4
Rc4 22. Ne5 Rc7 23. Qd4 Qxd4 24. Rxd4 Rec8 25. Rad1 Rc1 26. Ne2 Rxd1+ 27. Rxd1
Kf8 28. Nd4 Ke7 29. a5 Ne4 30. a6 bxa6 31. bxa6 Kd6 32. Nd3 Nc3 33. Ra1 Bd7 34.
f3 Nb5 35. g4 Nxd4 36. exd4 Bb5 37. Nc5 Re8 38. Rb1 Bc4 39. Rb7 Re7 40. Rb8 Re1+
41. Kf2 Rd1 42. Ke3 Re1+ 43. Kf2 Rd1 44. Ke3 Re1+ 45. Kf2 1/2-1/2

[Event "World Blitz Women 2022"]
[Site "Almaty KAZ"]
[Date "2022.12.29"]
[Round "3.6"]
[White "Batsiashvili, Nino"]
[Black "Buksa, Nataliya"]
[Result "0-1"]
[WhiteTitle "GM"]
[BlackTitle "IM"]
[WhiteElo "2493"]
[BlackElo "2405"]
[WhiteFideId "13602993"]
[BlackFideId "14123622"]
[EventDate "2022.12.29"]

1. d4 d5 2. c4 e6 3. Nc3 Nf6 4. Nf3 Nbd7 5. cxd5 exd5 6. Bf4 Nb6 7. e3 Bf5 8.
Nh4 Be6 9. Bd3 Bd6 10. h3 Ne4 11. Bxd6 cxd6 12. Nf3 Nxc3 13. bxc3 Rc8 14. Rc1
O-O 15. O-O Qd7 16. Qc2 h6 17. Nd2 Rc7 18. e4 dxe4 19. Nxe4 Bc4 20. Bxc4 Rxc4
21. Rfd1 Rfc8 22. Rd3 Nd5 23. Qd2 Qc6 24. Rg3 Kf8 25. Rf3 Ne7 26. Qf4 f6 27.
Nxd6 Nd5 28. Qg3 Nxc3 29. Rcxc3 Rxc3 30. Nxc8 Rc1+ 31. Kh2 Qxc8 32. Qd6+ Kg8 33.
Rg3 Qc7 34. Qe6+ Qf7 35. d5 Qxe6 36. dxe6 Re1 37. Rb3 b6 38. Ra3 a5 39. Rb3 Rxe6
40. Kg3 Kf7 41. Kf3 Ke7 42. h4 h5 43. Rb5 g6 44. g3 Kd7 45. Rd5+ Rd6 46. Rb5 Kc6
47. Rb2 b5 48. Rc2+ Kd5 49. Rc8 a4 50. Rg8 f5 51. Kf4 Kc4 52. Rc8+ Kb4 53. Kg5
Rb6 54. Ra8 Ka3 0-1